00423cam a2200145 i 4500020001500000082001400015100002600029245005300055250001100108260004400119300002600163650004100189700002300230700002400253 a071670027100a541.3 WIL1 aWilliams, Virginia R.10aBasic physical chemistry for the life sciences / a3d ed. aSan Francisco :bW. H. Freeman,cc1978. axiv, 553 p. :bill. ; 0aChemistry, Physical and theoretical.1 aMattice, Wayne L.,1 aWilliams, Hulen B.,